5 maiores cidades de cada continente - Statistics

Estatísticas Gerais
  • Esse quiz foi jogado 79 vezes
    76 desde o último reset
  • A pontuação média é 18 de 30
Estatísticas das Respostas
Continente População Cidades % Correto
América do Sul 22,6 mi São Paulo
95%
América do Sul 16,8 mi Buenos Aires
94%
Europa 11,5 mi Paris
91%
América do Sul 13,6 mi Rio de Janeiro
91%
América do Norte 21,8 mi Nova Iorque
89%
Ásia 41,2 mi Tóquio
89%
Europa 15,1 mi Londres
86%
Europa 18,8 mi Moscou
86%
América do Norte 25,4 mi Cidade do México
83%
Oceania 5,1 mi Sydney
81%
América do Norte 17,1 mi Los Angeles
80%
América do Sul 12,0 mi Lima
78%
África 22,8 mi Cairo
75%
América do Sul 10,6 mi Bogotá
72%
Ásia 41,6 mi Xangai
61%
América do Norte 9,6 mi Chicago
59%
Ásia 35,7 mi Déli
56%
Oceania 5,2 mi Melbourne
53%
Europa 16,0 mi Istambul
48%
África 21,3 mi Lagos
47%
Oceania 1,5 mi Auckland
41%
Ásia 29,5 mi Jacarta
39%
América do Norte 8,6 mi Washington
38%
África 9,6 mi Luanda
31%
Oceania 3,4 mi Brisbane
27%
Ásia 72,7 mi Cantão
27%
Oceania 2,3 mi Perth
25%
África 14,8 mi Johanesburgo
20%
África 16,3 mi Kinshasa
19%
Europa 10,9 mi Reno-Ruhr
5%
Nenhum quiz correspondente encontrado
Distribuição das Pontuações
Porcentagem de Pessoas com Cada Pontuação
Percentil de Números Respondidos
Sua Pontuação Histórica
Você não jogou esse quiz desde o último reset